Geotechnical engineering design / (Record no. 23470)
[ view plain ]
| 000 -LEADER | |
|---|---|
| fixed length control field | 00928cam a22002415a 4500 |
| 001 - CONTROL NUMBER | |
| control field | 18512800 |
| 005 - DATE AND TIME OF LATEST TRANSACTION | |
| control field | 20161206115745.0 |
| 008 - FIXED-LENGTH DATA ELEMENTS--GENERAL INFORMATION | |
| fixed length control field | 150303s2015 enka frb 001 0 eng d |
| 020 ## - INTERNATIONAL STANDARD BOOK NUMBER | |
| International Standard Book Number | 9780470632239 |
| 040 ## - CATALOGING SOURCE | |
| Original cataloging agency | DLC |
| Language of cataloging | eng |
| Transcribing agency | DLC |
| Modifying agency | DLC |
| -- | EG-ScBUE |
| 082 04 - DEWEY DECIMAL CLASSIFICATION NUMBER | |
| Classification number | 624.151 |
| Edition number | 22 |
| Item number | XIA |
| 100 1# - MAIN ENTRY--PERSONAL NAME | |
| Personal name | Xiao, Ming, |
| Dates associated with a name | 1972- |
| 245 10 - TITLE STATEMENT | |
| Title | Geotechnical engineering design / |
| Statement of responsibility, etc | Ming Xiao ; with contributions from Daniel Barreto. |
| 260 ## - PUBLICATION, DISTRIBUTION, ETC. (IMPRINT) | |
| Place of publication, distribution, etc | West Sussex : |
| Name of publisher, distributor, etc | Wiley Blackwell, |
| Date of publication, distribution, etc | 2015. |
| 300 ## - PHYSICAL DESCRIPTION | |
| Extent | xv, 406 p. : |
| Other physical details | ill. ; |
| Dimensions | 25 cm. |
| 504 ## - BIBLIOGRAPHY, ETC. NOTE | |
| Bibliography, etc | Includes bibliographical references and index. |
| 650 #7 - SUBJECT ADDED ENTRY--TOPICAL TERM | |
| Topical term or geographic name as entry element | Geotechnical engineering. |
| Source of heading or term | BUEsh |
| 9 (RLIN) | 37594 |
| 651 ## - SUBJECT ADDED ENTRY--GEOGRAPHIC NAME | |
| Source of heading or term | BUEsh |
| 653 ## - INDEX TERM--UNCONTROLLED | |
| Resource For college | Engineering, General |
| Arrived date list | December2016 |
| 700 1# - ADDED ENTRY--PERSONAL NAME | |
| Personal name | Barreto, Daniel, |
| Relator term | contributor. |
| 776 08 - ADDITIONAL PHYSICAL FORM ENTRY | |
| Display text | Online version: |
| Main entry heading | Xiao, Ming, 1972- |
| Title | Geotechnical engineering design |
| Place, publisher, and date of publication | West Sussex, United Kingdom : John Wiley & Sons Inc., [2015] |
| International Standard Book Number | 9781118917701 |
| Record control number | (DLC) 2015010496 |
| 942 ## - ADDED ENTRY ELEMENTS (KOHA) | |
| Source of classification or shelving scheme | Dewey Decimal Classification |
| Withdrawn status | Item status | Source of classification or shelving scheme | Damaged status | Not for loan | Vendor | Home library | Current library | Shelving location | Date acquired | Source of acquisition | Cost, normal purchase price | Serial Enumeration / chronology | Total Checkouts | Full call number | Barcode | Date last seen | Cost, replacement price | Koha item type |
|---|---|---|---|---|---|---|---|---|---|---|---|---|---|---|---|---|---|---|
| Dewey Decimal Classification | Baccah | Central Library | Central Library | First floor | 06/12/2016 | Purchase | 490.00 | 25145 | 624.151 XIA | 000040224 | 15/07/2025 | 612.50 | Book - Borrowing |